000 00818nas a2200277 4500
001 BR2015000355
003 BR-BrBNA
005 20231205124958.0
007 ta
008 230509b bl.|||p| |||| 00| 00por d
040 _aBR-BrBNA
_bpor
_cBiblioteca Nacional de Agricultura
041 _a(Pt)
072 _aJ10; Q80
100 1 _aNeves, D.A.
100 1 _aNeves, E.C.A.
100 1 _aSousa, C.L.
100 1 _aPena, R. da S.
245 1 _aAvaliação da qualidade da mandioca no pós-colheita
650 _aMANDIOCA
650 _aPROPRIEDADE FÍSICO-QUÍMICA
650 _aCONSERVAÇÃO
650 _aPÓS-COLHEITA
773 0 _tHigiene Alimentar (Brazil)
_xISSN 0101-9171
_g(Mar-Apr 2013), v. 27(218-219) p. 124-129
_wBR2015000355
909 _a202311
_bLúcia
_c55
_dLúcia Elande
942 _2AGRIS
_n0
_cANA
999 _c241957
_d241957